Statistics for Random Words - Dutch to English

Click here to take the quiz!

General Stats

  • This quiz has been taken 190 times
  • The average score is 77 of 88

Answer Stats

DutchEnglish% Correct
HalloHello
100%
BedBed
99%
PapierPaper
99%
RadioRadio
99%
TelevisieTelevision
99%
AppelApple
98%
WindWind
98%
BankBank
97%
BierBeer
97%
AutoCar
97%
KatCat
97%
FilmFilm
97%
VoetFoot
97%
NormaalNormal
97%
RatRat
97%
Stop!Stop!
97%
VerticaalVertical
97%
ArmArm
96%
MelkMilk
96%
NieuwsNews
96%
BestBest
95%
DiagonaalDiagonal
95%
FamilieFamily
95%
VoetbalFootball
95%
GoedGood
95%
HartHeart
95%
HorizontaalHorizontal
95%
OranjeOrange
95%
DatThat
95%
WestWest
95%
BeterBetter
94%
BoekBook
94%
KoffieCoffee
94%
GroenGreen
94%
MarktMarket
94%
PeperPepper
94%
FotoPhoto
94%
RivierRiver
94%
ZevenSeven
94%
SimpelSimple
94%
TienTen
94%
VlagFlag
93%
FlexibelFlexible
93%
KnieKnee
93%
BeerBear
92%
BootBoat
92%
OostEast
92%
NaamName
92%
NoordNorth
92%
SlaapSleep
91%
DitThis
91%
VaderFather
90%
MoederMother
90%
ZuidSouth
90%
Hoe?How?
89%
HonderdHundred
89%
StraatStreet
87%
IdeeIdea
86%
CirkelCircle
85%
DochterDaughter
85%
IJsbergIceberg
85%
SchipShip
85%
TafelTable
85%
KasteelCastle
83%
ZoonSon
83%
TheeTea
83%
LengteLength
82%
KabelCable
81%
VijfFive
81%
DezeThese
81%
LaatLate
79%
SoepSoup
79%
JachtYacht
79%
BaardBeard
78%
PeerPear
75%
ZeeSea
75%
VisFish
74%
KoekjeCookie
71%
SterStar
71%
NeusNose
70%
ZonSun
70%
WapenWeapon
68%
RisicoRisk
65%
DieThose
63%
MaanMoon
61%
VlamFlame
56%
ZalmSalmon
54%
SleeSleigh
50%

Score Distribution

Percentile by Number Answered

Percent of People with Each Score

Your Score History

You have not taken this quiz